000 00520pab a2200193 454500
008 180718b2010 xxu||||| |||| 00| 0 eng d
100 _aGangaiah, B.
245 _aSustainable agricultural development and food security in India
260 _c2010
300 _ap.523-530.
362 _aDec
650 _aAgriculture - India
650 _aSustainable agriculture - India
650 _aFood supply - India
650 _aFood supply
773 _aAgricultural Situation in India
908 _aN
909 _a93584
999 _c93584
_d93584